Els teus fills i filles juguen amb videojocs? : Connecta-hi! / Connecta-hi! /
Descripción Física:
1 díptic ; il·lustracions color ; 21 x 15 cm
Materias:
Videojocs -- Aspectes psicològics
; Videojocs i adolescents
; Videojocs i infants
; Fulletons
Idioma:
Catalán
MARC
| LEADER | 00000nam a22000007a 4500 | ||
|---|---|---|---|
| 001 | 28547 | ||
| 003 | AGDB | ||
| 005 | 20260324181525.0 | ||
| 008 | 240603b spa||||| |||| 00| 0 cat d | ||
| 017 | |a B 18153-2023 | ||
| 040 | |a agdb |b cat | ||
| 110 | 1 | |a Barcelona (Catalunya : Província). |b Centre de Prevenció i Intervenció en Drogodependències SPOTT |9 52862 | |
| 245 | |a Els teus fills i filles juguen amb videojocs? : |b Connecta-hi! / |c Centre SPOTT | ||
| 260 | |a Barcelona : |b Diputació de Barcelona ; |b Centre SPOTT ; |c 2023 | ||
| 300 | |a 1 díptic ; |b il·lustracions color ; |c 21 x 15 cm | ||
| 650 | 0 | |a Videojocs |x Aspectes psicològics |9 71388 | |
| 650 | 0 | |a Videojocs i adolescents |9 71389 | |
| 650 | 0 | |a Videojocs i infants |9 71390 | |
| 655 | 0 | |a Fulletons |9 55858 | |
| 710 | |a Barcelona (Catalunya : Província). |b Àrea de Sostenibilitat Social, Cicle de Vida i Comunitat |9 70555 | ||
| 710 | |a Barcelona (Catalunya : Província). |b Gerència de Serveis Socials |9 55835 | ||
| 942 | |c ARXIU |2 udc |n 1 | ||
| 952 | |0 0 |1 0 |4 0 |6 FU7750 |7 1 |9 97122 |a Arxiu |b Arxiu |d 2024-06-03 |l 0 |o FU-77-50 |p 28547 |r 2024-06-03 00:00:00 |w 2024-06-03 |y ARXIU | ||
| 999 | |c 128953 |d 128953 | ||